| 000 | 00679na a2200253 4500 | ||
|---|---|---|---|
| 001 | 16488 | ||
| 003 | MIRAKIL | ||
| 005 | 20181213154805.0 | ||
| 008 | 161010b tu 000 0 | ||
| 020 | _a9789944246262 | ||
| 040 |
_aMilas _btur _cTR-AnCHP |
||
| 041 | _atur | ||
| 082 |
_a956.677 _bD23m 2007 |
||
| 090 | _a956.677 D23m 2007 | ||
| 100 | _aDağ, Yusuf | ||
| 245 |
_aMardin _bbir tarih hazinesi _cYusuf Dağ |
||
| 246 | _aBir tarih hazinesi | ||
| 260 |
_aAnkara _bGündüz Kitabevi yayınları _c2007 |
||
| 300 |
_a160 s. _bfotg. _c19 sm. |
||
| 504 | _aKaynakça var. | ||
| 651 |
_aMardin _xTarihsel yapılar _yTarih |
||
| 651 |
_aMardin _xTarih |
||
| 942 |
_2ddc _cBKS |
||
| 999 |
_c891 _d891 |
||